[Event "GER-chT U10"]
[Site "Magdeburg"]
[Date "2016.12.27"]
[Round "1.4"]
[White "Currenti, Gianluca"]
[Black "Dornheim, Anna Elisabeth"]
[Result "1-0"]
[WhiteElo "948"]
[BlackElo "600"]
[PlyCount "49"]
[EventDate "2016.12.27"]
[EventType "team-swiss"]
[EventRounds "7"]
[EventCountry "GER"]
[SourceTitle "EXT 2018"]
[Source "ChessBase"]
[SourceDate "2017.10.13"]
[SourceVersion "1"]
[SourceVersionDate "2017.10.13"]
[SourceQuality "1"]
[WhiteTeam "Magdeburg Schachzwerge"]
[BlackTeam "Magdeburg Schachzwerge II"]
[WhiteTeamCountry "GER"]
[BlackTeamCountry "GER"]

1. e4 c5 2. Nf3 d6 3. d4 cxd4 4. Nxd4 e5 5. Nf3 Qa5+ 6. Nc3 Bg4 7. h3 Bxf3 8. Qxf3 Nc6 9. Bc4 Nf6 10. Bg5 0-0-0 11. 0-0 Nd4 12. Qd3 Re8 13. Ne2 Nxe2+ 14. Qxe2 d5 15. Bb5 Rd8 16. Bd3 Re8 17. Rfc1 Qa4 18. c4 dxc4 19. Rxc4+ Kd8 20. Rxa4 Bd6 21. Bxf6+ gxf6 22. Rxa7 Ke7 23. Rxb7+ Kf8 24. Qh5 Bc5 25. Qxf7# 1-0

[Event "GER-chT U10"]
[Site "Magdeburg"]
[Date "2015.12.29"]
[Round "7.3"]
[White "Currenti, Gianluca"]
[Black "Pietsch, Alexander"]
[Result "0-1"]
[WhiteElo "819"]
[BlackElo "896"]
[PlyCount "70"]
[EventDate "2015.12.27"]
[EventType "team-swiss"]
[EventRounds "7"]
[EventCountry "GER"]
[SourceTitle "EXT 2017"]
[Source "ChessBase"]
[SourceDate "2016.10.25"]
[SourceVersion "1"]
[SourceVersionDate "2016.10.25"]
[SourceQuality "1"]
[WhiteTeam "Magdeburg Schachzwerge II"]
[BlackTeam "Niedersachsen"]
[WhiteTeamCountry "GER"]
[BlackTeamCountry "GER"]

1. e4 c6 2. Nf3 d5 3. exd5 cxd5 4. Nc3 Nf6 5. Bb5+ Bd7 6. Bxd7+ Qxd7 7. d4 Nc6 8. Bf4 e6 9. 0-0 Be7 10. Qe2 0-0 11. Rae1 Ng4 12. Ng5 Bxg5 13. Bxg5 h5 14. h3 Nxd4 15. Qd1 Qd6 16. hxg4 Nc6 17. gxh5 f6 18. Bh4 Kf7 19. Ne4 Qf4 20. Bg3 Qh6 21. Nd6+ Kg8 22. Nxb7 g6 23. hxg6 Qxg6 24. Rxe6 Nd8 25. Nxd8 Raxd8 26. Bc7 Kf7 27. Bd6 Rh8 28. Qxd5 Qh6 29. Re7+ Kg6 30. g4 Rxd6 31. Qf7+ Kg5 32. Qg7+ Kf4 33. Rxa7 f5 34. gxf5 Ra6 35. f3 Qh2# 0-1

[Event "GER-chT U10"]
[Site "Magdeburg"]
[Date "2014.12.29"]
[Round "6.1"]
[White "Currenti, Gianluca"]
[Black "Ho, Ngoc Hai Dang"]
[Result "0-1"]
[WhiteElo "849"]
[BlackElo "974"]
[PlyCount "78"]
[EventDate "2014.12.27"]
[EventType "team-swiss"]
[EventRounds "7"]
[EventCountry "GER"]
[SourceTitle "EXT 2016"]
[Source "ChessBase"]
[SourceDate "2015.10.08"]
[SourceVersion "1"]
[SourceVersionDate "2015.10.08"]
[SourceQuality "1"]
[WhiteTeam "Magdeburg Schachzwerge III"]
[BlackTeam "Berlin Schachunion II"]
[WhiteTeamCountry "GER"]
[BlackTeamCountry "GER"]

1. e4 e5 2. Nf3 Nc6 3. Bc4 Bc5 4. Nc3 h6 5. 0-0 Nf6 6. d3 d6 7. h3 Be6 8. Bxe6 fxe6 9. Na4 Bb6 10. Nxb6 axb6 11. Nh4 Ne7 12. Qf3 0-0 13. c3 Nfd5 14. Qd1 Nf6 15. Qb3 d5 16. exd5 Qxd5 17. c4 Qd4 18. Nf3 Qd8 19. Nxe5 Nc6 20. Ng6 Nd4 21. Qc3 Ne2+ 22. Kh2 Nxc3 23. Nxf8 Qxf8 24. bxc3 Qd6+ 25. g3 Qxd3 26. Rg1 Qxc3 27. Rb1 Rxa2 28. Rg2 Qc2 29. Rb2 Rxb2 30. Bxb2 Qxb2 31. f3 Qc3 32. h4 Qxf3 33. g4 Nxg4+ 34. Kh1 e5 35. Kg1 e4 36. Kh1 e3 37. Kg1 e2 38. Rxe2 Qxe2 39. Kh1 Qh2# 0-1